Представление документа в формате MARC21

Поле Инд. ПП Название Значение
Тип записи a
Библиографический уровень m
001 Контрольный номер 001403039
005 Дата корректировки 20140227140755.8
020 a ISBN 5-09-000801-9 (В пер.)
c Цена, тираж 1 р. 20 к.
040 a Служба первич. каталог. RKP
a Служба первич. каталог. НБ ТвГУ
e Правила каталог. PSBO
041 a Код языка текста rus
080 a Индекс УДК 94(47)"1941/45"
084 a Индекс другой классификации/Индекс ББК Т3(2)622-8
090 a Полочн. индекс Т3(2)722
x Авторский знак П 51
245 10 a Заглавие Полководцы Великой Отечественной
b Продолж. заглавия книга для учащихся старших классов
c Ответственность сост. А. М. Кучеров
260 a Место издания Москва
b Издательство Просвещение
c Дата издания 1988
300 a Объем 223,[1] с.
b Иллюстрации/ тип воспроизводства ил.
c Размеры 22 см
653 a Ключевые слова 20 в.
a Ключевые слова Армия
a Ключевые слова Великая Отечественная война
a Ключевые слова Военачальники
a Ключевые слова Вооруженные силы
a Ключевые слова История России
a Ключевые слова История СССР
a Ключевые слова Полководцы
a Ключевые слова СССР
653 a Ключевые слова Россия
700 1_ a Другие авторы Кучеров Анатолий Михайлович
e Роль лиц сост.
901 t Тип документа m
920 a Оператор Бочк
954 a Дата поступления на обработку 20101027